000 00647nam a2200253Ia 4500
003 OSt
005 20220916110853.0
006 a|||||r|||| 00| 0
007 ta
008 220915b |||||||| |||| 00| 0 eng d
024 _a59590
037 _cTextbook
040 _beng
_aARTS
_cARTS
041 _aeng
082 _aP65, J2 (906)
100 _aWestermann Dietrich
245 0 _aLanguages of West Africa
260 _c1952
490 _aHandbook of Afican languages; 2
650 _aLINGUISTICS
700 _a Bryan M A
942 _hP65, J2 (906)
_cTB
_2CC
999 _c99924
_d99924